00712nam a22001937a 4500999001900000005001700019010001500036020002700051035001400078037001300092082001000105100001700115245005800132260003100190270010500221300003400326942002400360952013400384 c187567d18756720220422162818.0 aENG-132368 c1775.00a9788181524140 aEN-115900 bDBAD/PUB a158.1 aRajan, Smita aPersonality Development And Soft Skills/cSmita Rajan aJaipurbBook Enclavec2017 aF-11,S.S. Tower, Dhamani Street, Chaura RastabJaipure302003k91-141-2311900mbookenclave@yahoo.com aiii, 290p.c24cm(pbk)bIndex  2ddccENh158.1mRAJ 001040708NFICaBNbBNd2022-04-22eDBAD/PUBg1775.00l4o158.1 RAJpEN-115900r2023-10-19 00:00:00s2023-10-07t1v1775.00yEN